| 000 | 02626nam0a2200469 4500 | ||
|---|---|---|---|
| 001 | RU\NLR\bibl\898438 | ||
| 005 | 20260406051539.0 | ||
| 010 |
_a5-9900400-1-7 _9350 |
||
| 021 |
_aRU _b2005-71593 _93526 |
||
| 035 | _a(nilc)RSL-KNO-002764406 | ||
| 035 | _a(NLR Aleph) 000886891 | ||
| 090 |
_a1693925 _c1693925 |
||
| 100 | _a20051107d2005 |||y0rusy50 ca | ||
| 101 | 0 |
_arus _deng _eeng |
|
| 102 | _aRU | ||
| 105 | _aa ||||||||| | ||
| 106 | _ar | ||
| 200 | 1 |
_aЛазерная дакриоцисториностомия _dLaser dacryocystorhinostomy _fМ.Т. Азнабаев, Б.М. Азнабаев, Б.Т. Фаттахов, Р.Р. Клявлин _gУфим. НИИ глазных болезней Акад. наук Респ. Башкортостан _zeng |
|
| 210 |
_aУфа _cУфим. НИИ глазных болезней АН РБ _d2005 |
||
| 215 |
_a152 с., [6] л. цв. ил. _cил., табл. _d22 |
||
| 300 | _aАвт. также на англ. яз.: M.T. Aznabayev, B.M. Aznabayev, B.T. Fattahov, R.R. Klyavlin | ||
| 300 | _aРез. на англ. яз. | ||
| 320 | _aБиблиогр.: с. 131-152 | ||
| 510 | 1 |
_6z11790 _aLaser dacryocystorhinostomy _zeng |
|
| 606 | 1 |
_aДакриоцисториностомия _xПрименение лазеров _92411260 _3RU\NLR\auth\661436649 |
|
| 610 | 0 | _aЗдравоохранение. Медицинские науки -- Офтальмология -- Офтальмохирургия -- Хирургическая патология слезных органов -- Непроходимость слезных органов -- Хирургическое лечение -- Пособие для специалистов | |
| 610 | 0 | _aлазерная хирургия слезных органов | |
| 686 |
_aР675.632.056-589,07 _2rubbk |
||
| 686 | _aР675.432 | ||
| 686 | _aР675.632-59 | ||
| 701 | 1 |
_4070 _8rus _7ca _aАзнабаев _bМ. Т. _gМарат Талгатович _3RU\NLR\auth\776787 _9116735 |
|
| 701 | 1 |
_4070 _8rus _7ca _aАзнабаев _bБ. М. _gБулат Маратович _3RU\NLR\auth\7734545 _917548 |
|
| 701 | 1 |
_4070 _8rus _7ca _aФаттахов _bБ. Т. _gБорис Тельманович _3RU\NLR\auth\7734550 _917553 |
|
| 701 | 1 |
_4070 _8rus _7ca _aКлявлин _bР. Р. _gРустем Рифкатович _3RU\NLR\auth\7734553 _917556 |
|
| 790 | 1 |
_4070 _8rus _7ba _aAznabaev _bM.T. _gMarat Talgatovič _3RU\NLR\auth\7731237 _914247 |
|
| 801 | 0 |
_aRU _bRuMoRKP _c20051107 _grcr |
|
| 801 | 1 |
_aRU _bRuMoRGB _c20051107 |
|
| 801 | 2 |
_aRU _bNLR _c20060119 _grcr |
|
| 830 | _aАвт. по кн. | ||
| 942 | _cBOOK | ||
| 980 | _aNB | ||